[Event "African Games-chT 2019"]
[Site "Casablanca"]
[Date "2019.08.25"]
[Round "9.1"]
[White "Adly, Ahmed"]
[Black "Mwale, Joseph"]
[Result "1-0"]
[WhiteElo "2636"]
[BlackElo "2231"]
[Annotator "RC"]
[PlyCount "67"]
[EventDate "2019.08.24"]
[EventType "team-tourn"]
[EventCountry "MAR"]
[SourceTitle "playchess.com"]
[Source "ChessBase"]
[SourceQuality "1"]
[WhiteTeam "Egypt"]
[BlackTeam "MAW"]
[WhiteTeamCountry "EGY"]
[TimeControl "900+10"]

1. e4 {[%emt 0:00:00]} e5 {[%emt 0:00:00]} 2. Bc4 {[%emt 0:00:00]} Nf6 {[%emt 0:00:11]} 3. d3 {[%emt 0:00:03]} Nc6 {[%emt 0:00:06]} 4. Nc3 {[%emt 0:00:02]} Na5 {[%emt 0:00:03]} 5. Bb5 {[%emt 0:00:17]} a6 {[%emt 0:00:11]} 6. Ba4 {[%emt 0:00:01]} b5 {[%emt 0:00:01]} 7. Bb3 {[%emt 0:00:01]} Nxb3 {[%emt 0:00:02]} 8. axb3 {[%emt 0:00:01]} Bb4 {[%emt 0:00:02]} 9. Nf3 {[%emt 0:00:07]} d5 {[%emt 0:00:16]} 10. O-O {[%emt 0:00:18]} Bxc3 {[%emt 0:01:30]} 11. bxc3 {[%emt 0:00:02]} dxe4 {[%emt 0:00:01]} 12. Nxe5 {[%emt 0:00:04]} O-O {[%emt 0:00:02]} 13. d4 {[%emt 0:00:20]} Re8 {[%emt 0:00:25]} 14. f3 {[%emt 0:00:40]} Bb7 {[%emt 0:00:37]} 15. Bg5 {[%emt 0:01:17]} exf3 {[%emt 0:00:28]} 16. Nxf3 {[%emt 0:00:17]} Re6 {[%emt 0:01:18]} 17. c4 {[%emt 0:00:19]} bxc4 {[%emt 0:00:52]} 18. bxc4 {[%emt 0:00:02]} h6 {[%emt 0:00:06]} 19. Bh4 {[%emt 0:00:08]} Qe7 {[%emt 0:02:37]} 20. Ra5 {[%emt 0:00:51]} Rd8 {[%emt 0:00:29]} 21. Rf5 {[%emt 0:00:19]} Be4 {[%emt 0:00:38]} 22. Rf4 {[%emt 0:00:01]} g5 {[%emt 0:02:35]} 23. Nxg5 {[%emt 0:00:13]} hxg5 {[%emt 0:00:03]} 24. Bxg5 {[%emt 0:00:04]} Rdd6 {[%emt 0:00:06]} 25. c5 {[%emt 0:02:23]} Rc6 {[%emt 0:00:17]} 26. c4 {[%emt 0:00:07]} Kg7 {[%emt 0:01:22]} 27. Qe1 {[%emt 0:01:30]} Bg6 {[%emt 0:02:56]} 28. Bxf6+ {[%emt 0:00:19]} Qxf6 {[%emt 0:00:07]} 29. Rxf6 {[%emt 0:00:02]} Rxe1 {[%emt 0:00:02]} 30. Rxc6 {[%emt 0:00:04]} Re2 {[%emt 0:00:07]} 31. Rxc7 {[%emt 0:00:09]} a5 {[%emt 0:00:04]} 32. h3 {[%emt 0:00:12]} a4 {[%emt 0:00:07]} 33. Ra7 {[%emt 0:00:03]} Rd2 {[%emt 0:00:02]} 34. d5 {[%emt 0:00:06]} 1-0

[Event "African Games-chT 2019"]
[Site "Casablanca"]
[Date "2019.08.25"]
[Round "9.2"]
[White "Mphungu, Gerrard"]
[Black "Amin, Bassem"]
[Result "0-1"]
[WhiteElo "2107"]
[BlackElo "2692"]
[Annotator "TA"]
[PlyCount "73"]
[EventDate "2019.08.24"]
[EventType "team-tourn"]
[EventCountry "MAR"]
[SourceTitle "playchess.com"]
[Source "ChessBase"]
[SourceQuality "1"]
[WhiteTeam "MAW"]
[BlackTeam "Egypt"]
[BlackTeamCountry "EGY"]

{[%evp 14,73,57,36,40,31,24,0,22,-14,-1,-139,-113,-187,-193,-302,-252,-247,-253,-261,-188,-185,-192,-180,-178,-273,-300,-286,-108,-96,-75,-53,-63,-76,-71,-91,-70,-254,-256,-413,-408,-410,-409,-400,-395,-426,-286,-332,-332,-332,-331,-331,-331,-338,-297,-295,-295,-357,-302,-670,-660,-839]} 1. d4 ({Predecessor:} 1. Nf3 f5 2. g3 Nf6 3. Bg2 d6 4. d4 e6 5. c4 Be7 6. Nc3 O-O {½-½ (12) Bernard,V (2197)-Stambul,A (2166) France 2010}) 1... e6 2. c4 f5 3. Nf3 Nf6 4. g3 Be7 5. Bg2 O-O 6. O-O d6 7. Nc3 Qe8 8. Qd3 Qg6 $146 {A97: Classical Dutch: Fluid Systems: 7 Nc3 Qe8} (8... Qh5 9. b3 Nc6 10. Bb2 e5 11. dxe5 dxe5 12. Nd5 e4 13. Qe3 exf3 14. Bxf3 Qf7 15. Nxf6+ Bxf6 16. Bd5 Bxb2 {1-0 (38) Olszewski,M (2558)-Piorun,K (2577) Gorzow Wielkopolski 2014}) 9. Nh4 Qh5 10. Nf3 Nc6 {The position is equal.} 11. a3 e5 12. dxe5 (12. Qd1 $1 $11) 12... dxe5 $17 {White must now prevent ...e4.} 13. Nd5 (13. Qd1 $17) 13... e4 $19 {[%mdl 64] Double Attack} 14. Nxf6+ (14. Qe3 {was necessary.}) 14... Rxf6 15. Qd5+ Be6 16. Qb5 exf3 17. Bxf3 Qe8 18. Qxb7 {[#]} Bd7 $1 ({Don't take} 18... Bxc4 19. Bg5 $15) 19. Bg5 (19. Rd1 $142 Bd6 20. c5) 19... Rb8 20. Qa6 Nb4 $2 ({Weaker is} 20... Rxb2 21. Bxf6 gxf6 {[#]} 22. c5 $1 $17 {[%mdl 512]}) (20... Re6 $19 {and Black stays clearly on top.} 21. Bxe7 Rxe7 22. Bd5+ Kh8) 21. Qxa7 $17 Ra6 22. Qe3 Bxg5 23. Qxg5 Nc6 $36 {[%cal Bb4c6,Bc6d4,Bd4e2][%mdl 2080] White is under strong pressure.} 24. b4 {Strongly threatening b5.} Nd4 25. Bd5+ $2 (25. Qf4 $1 $15 Nxf3+ 26. exf3) 25... Be6 $19 26. Ra2 $2 (26. Rad1 {is a better defense.} Nxe2+ 27. Kg2) 26... Bxd5 27. cxd5 Nxe2+ 28. Kg2 {Threatening Qd2.} Nc3 29. Raa1 Qf7 30. Qd2 Qxd5+ 31. Qxd5+ Nxd5 32. Rfd1 c6 33. Rac1 Kf7 34. Rc5 Ne7 35. Rd7 Ke6 36. Rc7 $2 (36. Rd3) 36... Rxa3 37. f4 {Accuracy: White = 18%, Black = 67%.} 0-1

[Event "African Games-chT 2019"]
[Site "Casablanca"]
[Date "2019.08.25"]
[Round "9.3"]
[White "Wafa, Shrook"]
[Black "Nkhoma, Desiderata"]
[Result "1-0"]
[WhiteElo "2183"]
[BlackElo "1481"]
[Annotator "NA"]
[PlyCount "49"]
[EventDate "2019.08.24"]
[EventType "team-tourn"]
[EventCountry "MAR"]
[SourceTitle "playchess.com"]
[Source "ChessBase"]
[SourceQuality "1"]
[WhiteTeam "Egypt"]
[BlackTeam "MAW"]
[WhiteTeamCountry "EGY"]
[TimeControl "900+10"]

1. e4 {[%emt 0:00:00]} e5 {[%emt 0:00:00]} 2. Nf3 {[%emt 0:00:00]} Nc6 {[%emt 0:00:00]} 3. Bb5 {[%emt 0:00:00]} d6 {[%emt 0:00:27]} 4. O-O {[%emt 0:00:12]} Be7 {[%emt 0:00:02]} 5. c3 {[%emt 0:00:03]} Nf6 {[%emt 0:00:07]} 6. Re1 {[%emt 0:00:04]} O-O {[%emt 0:00:05]} 7. h3 {[%emt 0:00:13]} Bd7 {[%emt 0:00:17]} 8. d4 {[%emt 0:00:09]} Nxd4 {[%emt 0:02:06]} 9. Nxd4 {[%emt 0:00:38]} exd4 {[%emt 0:00:31]} 10. Bxd7 {[%emt 0:00:09]} Qxd7 {[%emt 0:00:58]} 11. cxd4 {[%emt 0:00:09]} h6 {[%emt 0:00:26]} 12. Nc3 {[%emt 0:00:11]} Nh7 {[%emt 0:00:10]} 13. Qh5 {[%emt 0:01:21]} c6 {[%emt 0:01:13]} 14. Bf4 {[%emt 0:01:41]} Rae8 {[%emt 0:01:04]} 15. Rad1 {[%emt 0:01:01]} Bg5 {[%emt 0:00:53]} 16. Bg3 {[%emt 0:01:09]} g6 {[%emt 0:01:16]} 17. Qf3 {[%emt 0:00:27]} f5 {[%emt 0:01:51]} 18. Qd3 {[%emt 0:02:13]} fxe4 {[%emt 0:01:27]} 19. Nxe4 {[%emt 0:00:42]} Be7 {[%emt 0:02:05]} 20. Nxd6 {[%emt 0:00:32]} Kg7 {[%emt 0:02:23]} 21. Nxe8+ {[%emt 0:00:26]} Rxe8 {[%emt 0:00:22]} 22. Be5+ {[%emt 0:00:29]} Nf6 {[%emt 0:00:13]} 23. Re3 {[%emt 0:00:24]} Qe6 {[%emt 0:00:42]} 24. Rg3 {[%emt 0:00:38]} Qf5 {[%emt 0:00:07]} 25. Qxf5 1-0

[Event "African Games-chT 2019"]
[Site "Casablanca"]
[Date "2019.08.25"]
[Round "9.4"]
[White "Msukwa, Tupokiwe"]
[Black "Wafa, Shahenda"]
[Result "0-1"]
[WhiteElo "1289"]
[BlackElo "2139"]
[Annotator "NA"]
[PlyCount "44"]
[EventDate "2019.08.24"]
[EventType "team-tourn"]
[EventCountry "MAR"]
[SourceTitle "playchess.com"]
[Source "ChessBase"]
[SourceQuality "1"]
[WhiteTeam "MAW"]
[BlackTeam "Egypt"]
[BlackTeamCountry "EGY"]
[TimeControl "900+10"]

1. d4 {[%emt 0:00:00]} f5 {[%emt 0:00:00]} 2. c4 {[%emt 0:00:00]} Nf6 {[%emt 0:00:00]} 3. Nc3 {[%emt 0:00:10]} d6 {[%emt 0:00:00]} 4. Bf4 {[%emt 0:00:24]} g6 {[%emt 0:00:04]} 5. Nf3 {[%emt 0:00:07]} Bg7 {[%emt 0:00:03]} 6. h3 {[%emt 0:00:06]} c6 {[%emt 0:00:04]} 7. e3 {[%emt 0:00:25]} O-O {[%emt 0:00:08]} 8. Be2 {[%emt 0:00:49]} a5 {[%emt 0:00:23]} 9. O-O {[%emt 0:00:35]} Na6 {[%emt 0:01:10]} 10. a3 {[%emt 0:00:59]} Qe8 {[%emt 0:00:32]} 11. Rc1 {[%emt 0:01:44]} Nh5 {[%emt 0:00:19]} 12. Bh2 {[%emt 0:00:31]} e5 {[%emt 0:01:32]} 13. dxe5 {[%emt 0:03:06]} dxe5 {[%emt 0:00:02]} 14. Qc2 {[%emt 0:01:39]} Qe7 {[%emt 0:01:07]} 15. e4 {[%emt 0:01:29]} f4 {[%emt 0:00:30]} 16. Rfd1 {[%emt 0:01:09]} Nf6 {[%emt 0:02:01]} 17. Na4 {[%emt 0:01:06]} Nc5 {[%emt 0:01:15]} 18. Nxc5 {[%emt 0:00:43]} Qxc5 {[%emt 0:00:04]} 19. b4 {[%emt 0:00:59]} axb4 {[%emt 0:00:11]} 20. axb4 {[%emt 0:00:03]} Qe7 {[%emt 0:00:13]} 21. c5 {[%emt 0:00:45]} h6 {[%emt 0:01:28]} 22. Bc4+ {[%emt 0:00:31]} Kh7 {[%emt 0:00:05]} 0-1

[Event "African Games-chT 2019"]
[Site "Casablanca"]
[Date "2019.08.25"]
[Round "9.5"]
[White "Bellahcene, Bilel"]
[Black "Mesfin, Leykun"]
[Result "1-0"]
[WhiteElo "2550"]
[BlackElo "2151"]
[Annotator "ChessBase"]
[PlyCount "79"]
[EventDate "2019.08.24"]
[EventType "team-tourn"]
[EventCountry "MAR"]
[SourceTitle "playchess.com"]
[Source "ChessBase"]
[SourceQuality "1"]
[WhiteTeam "Algeria"]
[BlackTeam "Ethiopia"]
[WhiteTeamCountry "ALG"]
[BlackTeamCountry "ETH"]
[TimeControl "900+10"]

1. e4 {[%emt 0:00:00]} c5 {[%emt 0:00:13]} 2. Nf3 {[%emt 0:00:00]} d6 {[%emt 0:00:01]} 3. d4 {[%emt 0:00:01]} cxd4 4. Nxd4 Nf6 {[%emt 0:00:04]} 5. Nc3 {[%emt 0:00:01]} a6 {[%emt 0:00:01]} 6. Bg5 {[%emt 0:00:10]} e6 {[%emt 0:00:20]} 7. f4 {[%emt 0:00:06]} Be7 {[%emt 0:00:41]} 8. Qf3 {[%emt 0:00:01]} Nbd7 {[%emt 0:01:23]} 9. O-O-O {[%emt 0:00:03]} Qc7 {[%emt 0:00:09]} 10. g4 {[%emt 0:00:01]} b5 {[%emt 0:00:30]} 11. Bxf6 {[%emt 0:00:11]} Nxf6 {[%emt 0:00:43]} 12. g5 {[%emt 0:00:05]} Nd7 {[%emt 0:00:29]} 13. h4 {[%emt 0:00:11]} Bb7 {[%emt 0:00:03]} 14. a3 {[%emt 0:00:13]} Rc8 {[%emt 0:01:04]} 15. f5 {[%emt 0:00:13]} Ne5 {[%emt 0:00:13]} 16. Qg2 {[%emt 0:00:25]} exf5 {[%emt 0:00:14]} 17. Nxf5 {[%emt 0:00:01]} g6 {[%emt 0:01:29]} 18. Ne3 {[%emt 0:00:15]} Qc5 {[%emt 0:02:50]} 19. Ned5 {[%emt 0:00:03]} Bxd5 {[%emt 0:00:14]} 20. Nxd5 {[%emt 0:00:28]} a5 {[%emt 0:00:28]} 21. Kb1 {[%emt 0:00:05]} b4 {[%emt 0:00:14]} 22. a4 {[%emt 0:00:01]} Nc4 {[%emt 0:00:12]} 23. Bxc4 {[%emt 0:00:02]} Qxc4 {[%emt 0:00:03]} 24. Nb6 {[%emt 0:00:16]} Qc6 {[%emt 0:00:19]} 25. Nxc8 {[%emt 0:00:01]} Qxc8 {[%emt 0:00:01]} 26. h5 {[%emt 0:00:01]} Rf8 {[%emt 0:00:32]} 27. e5 {[%emt 0:00:04]} dxe5 {[%emt 0:00:32]} 28. Qd5 {[%emt 0:00:01]} Rg8 {[%emt 0:03:23]} 29. hxg6 {[%emt 0:00:03]} hxg6 {[%emt 0:00:09]} 30. Qxe5 {[%emt 0:00:04]} Kf8 {[%emt 0:00:32]} 31. Rh8 {[%emt 0:00:01]} b3 {[%emt 0:00:47]} 32. cxb3 {[%emt 0:00:14]} Qf5+ {[%emt 0:00:10]} 33. Qxf5 {[%emt 0:00:01]} gxf5 {[%emt 0:00:01]} 34. Rxg8+ {[%emt 0:00:01]} Kxg8 {[%emt 0:00:01]} 35. Rd5 {[%emt 0:00:02]} f4 {[%emt 0:00:09]} 36. Rxa5 {[%emt 0:00:02]} Kg7 {[%emt 0:00:07]} 37. Rf5 {[%emt 0:00:21]} Bd6 {[%emt 0:00:08]} 38. a5 {[%emt 0:00:00]} Bb8 {[%emt 0:00:08]} 39. a6 {[%emt 0:00:01]} Kg6 {[%emt 0:00:04]} 40. Rxf4 {[%emt 0:00:02]} 1-0

[Event "African Games-chT 2019"]
[Site "Casablanca"]
[Date "2019.08.25"]
[Round "9.6"]
[White "Gole, Habtamu Ashenafi"]
[Black "Arab, Adlane"]
[Result "0-1"]
[WhiteElo "2046"]
[BlackElo "2485"]
[Annotator "ChessBase"]
[PlyCount "92"]
[EventDate "2019.08.24"]
[EventType "team-tourn"]
[EventCountry "MAR"]
[SourceTitle "playchess.com"]
[Source "ChessBase"]
[SourceQuality "1"]
[WhiteTeam "Ethiopia"]
[BlackTeam "Algeria"]
[WhiteTeamCountry "ETH"]
[BlackTeamCountry "ALG"]
[TimeControl "900+10"]

1. d4 {[%emt 0:00:00]} Nf6 {[%emt 0:00:00]} 2. c4 {[%emt 0:00:00]} e6 {[%emt 0:00:00]} 3. a3 {[%emt 0:00:00]} c5 {[%emt 0:00:00]} 4. d5 {[%emt 0:00:04]} exd5 {[%emt 0:00:00]} 5. cxd5 {[%emt 0:00:02]} d6 {[%emt 0:00:01]} 6. Nc3 {[%emt 0:00:02]} g6 {[%emt 0:00:01]} 7. e4 {[%emt 0:00:03]} Bg7 {[%emt 0:00:02]} 8. Bd3 {[%emt 0:00:21]} O-O {[%emt 0:00:03]} 9. Nge2 {[%emt 0:00:11]} a6 {[%emt 0:00:02]} 10. a4 {[%emt 0:00:06]} Nbd7 {[%emt 0:00:05]} 11. O-O {[%emt 0:00:06]} Re8 {[%emt 0:00:08]} 12. Ng3 {[%emt 0:00:08]} Ne5 {[%emt 0:00:06]} 13. Bc2 {[%emt 0:00:04]} Rb8 {[%emt 0:00:16]} 14. h3 {[%emt 0:00:48]} b5 {[%emt 0:00:10]} 15. f4 {[%emt 0:00:08]} Ned7 {[%emt 0:00:02]} 16. axb5 {[%emt 0:00:28]} axb5 {[%emt 0:00:01]} 17. Qf3 {[%emt 0:01:20]} b4 {[%emt 0:01:07]} 18. Nd1 {[%emt 0:00:16]} Qb6 {[%emt 0:00:14]} 19. Kh1 {[%emt 0:00:33]} Ba6 {[%emt 0:00:04]} 20. Re1 {[%emt 0:00:19]} Nxd5 {[%emt 0:00:14]} 21. e5 {[%emt 0:00:37]} Bb7 {[%emt 0:00:27]} 22. Be4 {[%emt 0:00:19]} Nc7 {[%emt 0:00:07]} 23. Ne3 {[%emt 0:01:22]} Bxe4 {[%emt 0:00:36]} 24. Nxe4 {[%emt 0:00:02]} dxe5 {[%emt 0:00:33]} 25. Nc4 {[%emt 0:00:04]} Qe6 {[%emt 0:00:35]} 26. Ncd6 {[%emt 0:00:14]} Red8 {[%emt 0:00:12]} 27. f5 {[%emt 0:00:13]} gxf5 {[%emt 0:00:02]} 28. Nxf5 {[%emt 0:00:02]} Kh8 {[%emt 0:03:05]} 29. Ng5 {[%emt 0:01:37]} Qf6 {[%emt 0:00:08]} 30. Rf1 {[%emt 0:00:51]} Ne6 {[%emt 0:00:27]} 31. Nxh7 {[%emt 0:01:32]} Qg6 {[%emt 0:00:39]} 32. Ne7 {[%emt 0:01:55]} Qxh7 {[%emt 0:00:54]} 33. Qxf7 {[%emt 0:00:01]} Ndf8 {[%emt 0:00:07]} 34. Rf5 {[%emt 0:00:22]} Rd1+ {[%emt 0:00:31]} 35. Kh2 {[%emt 0:00:01]} Bh6 {[%emt 0:00:25]} 36. Bxh6 {[%emt 0:00:55]} Qxf7 {[%emt 0:00:02]} 37. Rxf7 {[%emt 0:00:03]} Rxa1 {[%emt 0:00:02]} 38. Nd5 {[%emt 0:01:45]} Kg8 {[%emt 0:01:00]} 39. Re7 {[%emt 0:00:13]} Rf1 {[%emt 0:00:06]} 40. Ra7 {[%emt 0:01:06]} Rf7 {[%emt 0:00:08]} 41. Ra5 {[%emt 0:01:09]} c4 {[%emt 0:00:03]} 42. Ne3 {[%emt 0:00:15]} c3 {[%emt 0:00:03]} 43. bxc3 {[%emt 0:00:04]} b3 {[%emt 0:00:01]} 44. Nc4 {[%emt 0:00:33]} b2 {[%emt 0:00:03]} 45. Nxb2 {[%emt 0:00:04]} Rxb2 {[%emt 0:00:02]} 46. Rxe5 {[%emt 0:00:01]} Rff2 {[%emt 0:00:05]} 0-1

[Event "African Games-chT 2019"]
[Site "Casablanca"]
[Date "2019.08.25"]
[Round "9.7"]
[White "Nassr, Lina"]
[Black "Haile, Lidet Abate"]
[Result "1-0"]
[WhiteElo "1938"]
[BlackElo "1593"]
[Annotator "NA"]
[PlyCount "49"]
[EventDate "2019.08.24"]
[EventType "team-tourn"]
[EventCountry "MAR"]
[SourceTitle "playchess.com"]
[Source "ChessBase"]
[SourceQuality "1"]
[WhiteTeam "Algeria"]
[BlackTeam "Ethiopia"]
[WhiteTeamCountry "ALG"]
[BlackTeamCountry "ETH"]
[TimeControl "900+10"]

1. d4 {[%emt 0:00:00]} d5 {[%emt 0:00:00]} 2. Nf3 {[%emt 0:00:00]} Bf5 {[%emt 0:00:00]} 3. e3 {[%emt 0:00:00]} h6 {[%emt 0:00:00]} 4. c4 {[%emt 0:00:05]} e6 {[%emt 0:00:12]} 5. Nc3 {[%emt 0:00:14]} Nf6 {[%emt 0:00:11]} 6. Be2 {[%emt 0:00:19]} Nbd7 {[%emt 0:00:22]} 7. cxd5 {[%emt 0:00:52]} exd5 {[%emt 0:00:25]} 8. Qb3 {[%emt 0:01:05]} Nb6 {[%emt 0:00:10]} 9. a4 {[%emt 0:01:21]} a5 {[%emt 0:01:07]} 10. O-O {[%emt 0:01:55]} Bb4 {[%emt 0:00:13]} 11. Ne5 {[%emt 0:01:42]} O-O {[%emt 0:00:36]} 12. Nd3 {[%emt 0:00:52]} Be7 {[%emt 0:01:38]} 13. Nc5 {[%emt 0:01:16]} Nbd7 {[%emt 0:06:24]} 14. Nxb7 {[%emt 0:03:22]} Qb8 {[%emt 0:00:42]} 15. Nxd5 {[%emt 0:00:51]} Nxd5 {[%emt 0:00:44]} 16. Qxd5 {[%emt 0:00:04]} Be6 {[%emt 0:00:13]} 17. Qb5 {[%emt 0:01:36]} Ra7 {[%emt 0:01:18]} 18. Nc5 {[%emt 0:00:56]} Qxb5 {[%emt 0:00:17]} 19. axb5 {[%emt 0:00:30]} Nxc5 {[%emt 0:00:02]} 20. dxc5 {[%emt 0:00:01]} Bxc5 {[%emt 0:00:01]} 21. Bd2 {[%emt 0:00:21]} Bb6 {[%emt 0:00:02]} 22. Rfc1 {[%emt 0:00:39]} Rd8 {[%emt 0:00:07]} 23. Bc3 {[%emt 0:00:13]} Bb3 {[%emt 0:02:01]} 24. Ra3 {[%emt 0:00:27]} Be6 {[%emt 0:00:32]} 25. Rca1 {[%emt 0:00:06]} 1-0

[Event "African Games-chT 2019"]
[Site "Casablanca"]
[Date "2019.08.25"]
[Round "9.8"]
[White "Eshete, Ruth Leykun"]
[Black "Latreche, Sabrina"]
[Result "0-1"]
[WhiteElo "1495"]
[BlackElo "2064"]
[Annotator "NA"]
[PlyCount "56"]
[EventDate "2019.08.24"]
[EventType "team-tourn"]
[EventCountry "MAR"]
[SourceTitle "playchess.com"]
[Source "ChessBase"]
[SourceQuality "1"]
[WhiteTeam "Ethiopia"]
[BlackTeam "Algeria"]
[WhiteTeamCountry "ETH"]
[BlackTeamCountry "ALG"]
[TimeControl "900+10"]

1. d4 {[%emt 0:00:00]} Nf6 {[%emt 0:00:00]} 2. c4 {[%emt 0:00:00]} e6 {[%emt 0:00:00]} 3. a3 {[%emt 0:00:05]} d5 {[%emt 0:00:00]} 4. Nc3 {[%emt 0:00:13]} c6 {[%emt 0:00:03]} 5. Bg5 {[%emt 0:00:23]} h6 {[%emt 0:00:22]} 6. Bh4 {[%emt 0:00:22]} g5 {[%emt 0:00:25]} 7. Bg3 {[%emt 0:00:10]} dxc4 {[%emt 0:00:07]} 8. e3 {[%emt 0:00:08]} b5 {[%emt 0:00:06]} 9. Qf3 {[%emt 0:01:28]} Nd5 {[%emt 0:00:21]} 10. Nge2 {[%emt 0:01:46]} Bg7 {[%emt 0:00:43]} 11. a4 {[%emt 0:00:57]} Qa5 {[%emt 0:01:54]} 12. Kd1 {[%emt 0:03:31]} O-O {[%emt 0:00:59]} 13. e4 {[%emt 0:01:25]} Nxc3+ {[%emt 0:00:36]} 14. Qxc3 {[%emt 0:00:44]} Qxc3 {[%emt 0:00:10]} 15. bxc3 {[%emt 0:00:24]} Nd7 {[%emt 0:00:42]} 16. e5 {[%emt 0:01:15]} Nb6 {[%emt 0:00:12]} 17. axb5 {[%emt 0:01:11]} cxb5 {[%emt 0:00:01]} 18. Kc2 {[%emt 0:00:18]} a5 {[%emt 0:00:40]} 19. f4 {[%emt 0:00:27]} f6 {[%emt 0:01:28]} 20. Bf2 {[%emt 0:01:05]} Nd5 {[%emt 0:00:18]} 21. g3 {[%emt 0:00:27]} fxe5 {[%emt 0:00:02]} 22. dxe5 {[%emt 0:00:16]} gxf4 {[%emt 0:00:01]} 23. gxf4 {[%emt 0:00:17]} Nxf4 {[%emt 0:00:34]} 24. Bc5 {[%emt 0:00:27]} Rf7 {[%emt 0:00:23]} 25. Bd4 {[%emt 0:00:24]} Bb7 {[%emt 0:01:18]} 26. Rg1 {[%emt 0:00:14]} Be4+ {[%emt 0:00:13]} 27. Kb2 {[%emt 0:00:12]} Nd3+ {[%emt 0:00:09]} 28. Kc2 {[%emt 0:01:07]} Kh7 {[%emt 0:01:13]} 0-1

[Event "African Games-chT 2019"]
[Site "Casablanca"]
[Date "2019.08.25"]
[Round "9.9"]
[White "Oatlhotse, Providence"]
[Black "Makoto, Rodwell"]
[Result "1/2-1/2"]
[WhiteElo "2252"]
[BlackElo "2373"]
[Annotator "NA"]
[PlyCount "136"]
[EventDate "2019.08.24"]
[EventType "team-tourn"]
[EventCountry "MAR"]
[SourceTitle "playchess.com"]
[Source "ChessBase"]
[SourceQuality "1"]
[WhiteTeam "Botswana"]
[BlackTeam "Zimbabwe"]
[WhiteTeamCountry "BOT"]
[BlackTeamCountry "ZIM"]
[TimeControl "900+10"]

1. c4 {[%emt 0:00:00]} c5 {[%emt 0:00:00]} 2. g3 {[%emt 0:00:00]} Nc6 {[%emt 0:00:00]} 3. Bg2 {[%emt 0:00:00]} g6 {[%emt 0:00:00]} 4. Nc3 {[%emt 0:00:00]} Bg7 {[%emt 0:00:00]} 5. d3 {[%emt 0:00:00]} e6 {[%emt 0:00:00]} 6. e3 {[%emt 0:01:20]} Nge7 {[%emt 0:00:01]} 7. Nge2 {[%emt 0:00:02]} O-O {[%emt 0:00:06]} 8. O-O {[%emt 0:00:11]} d5 {[%emt 0:00:21]} 9. cxd5 {[%emt 0:01:32]} exd5 {[%emt 0:00:01]} 10. Nf4 {[%emt 0:00:01]} d4 {[%emt 0:00:05]} 11. Ne4 {[%emt 0:01:56]} b6 {[%emt 0:00:04]} 12. Qb3 {[%emt 0:01:11]} Rb8 {[%emt 0:00:46]} 13. Bd2 {[%emt 0:00:10]} Bb7 {[%emt 0:01:08]} 14. Ng5 {[%emt 0:01:08]} dxe3 {[%emt 0:01:15]} 15. fxe3 {[%emt 0:00:17]} Na5 {[%emt 0:00:01]} 16. Bxa5 {[%emt 0:00:57]} Bxg2 {[%emt 0:00:02]} 17. Bc3 {[%emt 0:04:23]} Bxc3 {[%emt 0:01:28]} 18. Nxg2 {[%emt 0:02:56]} Nf5 {[%emt 0:05:10]} 19. Nxf7 {[%emt 0:00:22]} Rxf7 {[%emt 0:00:01]} 20. Qxc3 {[%emt 0:00:13]} Qe7 {[%emt 0:01:44]} 21. Rae1 {[%emt 0:00:07]} Re8 {[%emt 0:00:07]} 22. Rf2 {[%emt 0:00:39]} Qe5 {[%emt 0:00:53]} 23. Qxe5 {[%emt 0:00:18]} Rxe5 {[%emt 0:00:01]} 24. Rfe2 {[%emt 0:00:03]} Rd7 {[%emt 0:00:02]} 25. Rd2 {[%emt 0:00:17]} Rde7 {[%emt 0:00:05]} 26. Rde2 {[%emt 0:00:13]} Rd7 {[%emt 0:00:01]} 27. g4 {[%emt 0:00:17]} Nh6 {[%emt 0:00:07]} 28. d4 {[%emt 0:00:40]} cxd4 {[%emt 0:00:10]} 29. exd4 {[%emt 0:00:01]} Rxe2 {[%emt 0:00:12]} 30. Rxe2 {[%emt 0:00:01]} Nxg4 {[%emt 0:00:22]} 31. Rd2 {[%emt 0:00:06]} Kf7 {[%emt 0:00:09]} 32. h3 {[%emt 0:00:05]} Nf6 {[%emt 0:00:01]} 33. Ne3 {[%emt 0:00:14]} Ne4 {[%emt 0:00:32]} 34. Rd1 {[%emt 0:00:34]} Ng5 {[%emt 0:00:41]} 35. Kg2 {[%emt 0:00:18]} Ke6 {[%emt 0:00:32]} 36. d5+ {[%emt 0:00:14]} Kd6 {[%emt 0:00:22]} 37. b4 {[%emt 0:00:08]} b5 {[%emt 0:00:25]} 38. Rc1 {[%emt 0:00:11]} Ke5 {[%emt 0:00:16]} 39. Ng4+ {[%emt 0:00:12]} Kd4 {[%emt 0:00:17]} 40. Rd1+ {[%emt 0:00:01]} Kc3 {[%emt 0:00:03]} 41. Nf6 {[%emt 0:00:14]} Rd6 {[%emt 0:00:14]} 42. Ne8 {[%emt 0:00:03]} Rd8 {[%emt 0:00:01]} 43. Nc7 {[%emt 0:00:08]} Kxb4 {[%emt 0:00:10]} 44. h4 {[%emt 0:00:23]} Nf7 {[%emt 0:00:08]} 45. Rb1+ {[%emt 0:00:09]} Kc4 {[%emt 0:00:10]} 46. Rc1+ {[%emt 0:00:06]} Kb4 {[%emt 0:00:29]} 47. Rb1+ {[%emt 0:00:07]} Kc4 {[%emt 0:00:04]} 48. Rc1+ {[%emt 0:00:06]} Kb4 {[%emt 0:00:07]} 49. Rb1+ {[%emt 0:00:22]} Kc4 {[%emt 0:00:06]} 50. Rc1+ {[%emt 0:00:11]} Kb4 {[%emt 0:00:50]} 51. Rb1+ {[%emt 0:00:10]} Kc4 {[%emt 0:00:04]} 52. Rxb5 {[%emt 0:00:10]} Rd7 {[%emt 0:00:03]} 53. Rb7 {[%emt 0:00:04]} a5 {[%emt 0:00:15]} 54. Ra7 {[%emt 0:00:06]} Nd6 {[%emt 0:00:26]} 55. Kf3 {[%emt 0:00:17]} Nc8 {[%emt 0:01:22]} 56. Rb7 {[%emt 0:00:11]} Ne7 {[%emt 0:00:24]} 57. d6 {[%emt 0:00:10]} Nf5 {[%emt 0:00:29]} 58. Rb6 {[%emt 0:00:14]} Nxd6 {[%emt 0:00:15]} 59. Ne6 {[%emt 0:00:06]} Nf5 {[%emt 0:00:05]} 60. Rc6+ {[%emt 0:00:11]} Kd5 {[%emt 0:00:12]} 61. Ra6 {[%emt 0:00:05]} Nxh4+ {[%emt 0:00:08]} 62. Kg4 {[%emt 0:00:05]} Nf5 {[%emt 0:00:05]} 63. Nf4+ {[%emt 0:00:05]} Ke4 {[%emt 0:00:11]} 64. Rxa5 Ne3+ {[%emt 0:00:41]} 65. Kg3 {[%emt 0:00:26]} Nf5+ {[%emt 0:00:13]} 66. Kg4 {[%emt 0:00:01]} Ne3+ {[%emt 0:00:13]} 67. Kg3 {[%emt 0:00:20]} Nf5+ {[%emt 0:00:14]} 68. Kg4 {[%emt 0:00:13]} Ne3+ {[%emt 0:00:14]} 1/2-1/2